000 01105nam a22002897a 4500
003 OSt
005 20260317120735.0
007 a
008 260317b |||||||| |||| 00| 0 eng d
020 _a0810927748 (paperback)
040 _aFoundation University
_beng
_cFoundation University
_dFULib
_erda
050 _aND 2071
_b.1989 A33
100 _aAddiss, Stephen,
_d1935-
_915344
245 0 0 _aThe art of Zen :
_bpaintings and calligraphy by Japanese monks, 1600-1925 /
_cStepen Addiss
260 _aNew York :
_bHarry N. Abrams, Inc.,
_c1989.
264 _41989.
300 _3resource
_a223 pages :
_bcolor illustrations ;
_c30 cm.
_fvolume
336 _2rdacontent
_atext
_btxt
337 _2rdamedia
_aunmediated
_bn
338 _2rdacarrier
_3resource
_avolume
_bnc
504 _aIncludes bibliographical references and index.
650 _2LC
_aPainting, Zen
_915345
650 _2LC
_aCalligraphy, Zen
_915346
650 _2LC
_aBuddhist art and symbolism
_zJapan.
_915347
658 _aFine Arts, Bachelor of :
_bPainting ;
_cFA222, FA223
942 _2lcc
_cBK
_hND 2071
_i.1989 A33
_k(DAFA-FA)
_n0
999 _c5687
_d5687